1628 1404 1778 1608 1232 1578 1563 1947 1703 1973 1694 1682 1391 1158 1058 1279 1120 1646 1569 1996 1337 1558 1119 1546 1684 1983 1733 1969 1002 1040 1396 1748 1002 1415 1649 1374 1984 1886 1436 1926 1950 1498 1573 1807 1594 1637 1166 1507 1779 1742 1333 1413 1046 1419 1730 1603 1253 1361 1568 1402 1014 1153 1425 1351 1583 1631 1207 1232 1343 1737 1996 1752 1442 1075 1281 1172 1518 1477 1987 1146 1921 1486 1822 1382 1369 1236 1459 1614 1101 1911 1167 1679 1409 1627 1985 1966 1550 1031 1169 BCNSPRNW ULIB Ver.6.0+V

เปลี่ยนเป็นภาษาไทย

Change to English
 แสดงรายละเอียดบรรณานุกรม
  กลับหน้าหลัก

Brief Record : Get Marc (ISO 2709) : E-mail record : QR code < ปิดหน้าต่าง
LEADER : 00000nam 2200000uu 4500
001    13399111463
003     ULIB
008    110621s2554||||th 000 0 tha d
020    9789740475002
050  4 BF698^bศ272ท 2554
100 0  ศรีเรือน แก้วกังวาล
245 10 ทฤษฎีจิตวิทยาบุคลิกภาพ :^bรู้เรา รู้เขา /^cศรีเรือน แก้วกังวาล
246 30 รู้เรา รู้เขา
250    พิมพ์ครั้งที่ 16 (แก้ไขปรับปรุง)
260    กรุงเทพฯ :^bหมอชาวบ้าน,^c2554
300    554 หน้า :^bภาพประกอบ ;^c21 ซม.
504    มีบรรณานุกรมและดัชนี
650  7 การปรับตัว (จิตวิทยา)
650  7 บุคลิกภาพ^xจิตวิทยา
650  7 การดำเนินชีวิต
650  7 จิตวิทยา
650  7 บุคลิกภาพ
945    ^p350^l0^i030219
945    ^p350^l0^i030218
945    ^p350^l0^i030216
945    ^p350^l0^i030215
945    ^p350^l0^i030214
945    ^p350^l0^i030217
995    ทศพร
999 ^a ใช้งานได้ทุกระบบ
รายการนี้ยังไม่มีแท็ก
คุณยังไม่ได้ล็อกอิน คุณสามารถมีกิจกรรมร่วมกับเว็บไซต์ได้ แต่ต้องล็อกอินก่อน ::
  ล็อกอิน

รายการสื่อสารสนเทศ

ลำดับที่ ประเภท เลขเรียก/บาร์โค้ด สถานที่ สถานะ
- ไม่พบข้อมูล -

รายการใกล้เคียง
    ผู้แต่ง [ศรีเรือน แก้วกังวาล]

    หัวเรื่อง [การปรับตัว (จิตวิทยา)]
    หัวเรื่อง [การดำเนินชีวิต]
    หัวเรื่อง [จิตวิทยา]
    หัวเรื่อง [บุคลิกภาพ]

BibComment


ยังไม่เคยถูกคอมเมนท์

คอมเมนท์ทรัพยากรรายการนี้
  คอมเมนท์: ทฤษฎีจิตวิทยาบุคล..


 Copyright 2026. Bcnsprnw @Library